MESTSKÁ KNIŽNICA GIRALTOVCE  - online katalóg 

Medzi nebom a zemou- (Record no. 12222)

000 -NÁVESTIE
fixed length control field 00728nam a2200241 a 4500
008 - ÚDAJE S PEVNOU DĹŽKOU – VŠEOBECNÉ INFORMÁCIE
fixed length control field 041208s2004||||xo g 0000f slo d
020 ## - MEDZINÁRODNÉ ŠTANDARDNÉ ČÍSLO KNIHY (ISBN)
Medzinárodné štandardné číslo knihy (ISBN) 808049391X
Údaje o dostupnosti 67
040 ## - ZDROJ KATALOGIZÁCIE
Pôvodná katalogizujúca agentúra SNK
Jazyk katalogizácie slo
Prepisujúca agentúra SNK
Konvencie popisu AACR2
041 1# - KÓD JAZYKA
Kód jazyka textu/zvukovej stopy alebo samostatných nápisov slo
Kód jazyka originálu a/alebo sprostredkujúcich prekladov textu eng
044 ## - KÓD KRAJINY VYDAVATEĽA/PRODUCENTA
Kód krajiny MARC xo
Kód krajiny ISO SK
-- SK
072 #7 - KÓD PREDMETOVEJ KATEGÓRIE
Kód predmetovej kategórie 821.111(73)-3
Pododdiel kódu predmetovej kategórie Americká próza
Zdroj konspekt
080 ## - ČÍSLO MEDZINÁRODNÉHO DESATINNÉHO TRIEDENIA (MDT)
Číslo Medzinárodného desatinného triedenia (MDT) (0:82-312.4)
Identifikátor vydania MDT-MRF
080 ## - ČÍSLO MEDZINÁRODNÉHO DESATINNÉHO TRIEDENIA (MDT)
Číslo Medzinárodného desatinného triedenia (MDT) 821.111(73)-31
Identifikátor vydania MDT-MRF
100 1# - OSOBNÉ MENÁ – VŠEOBECNÉ INFORMÁCIE
Osobné meno Hooper, Kay
Dátumy súvisiace s menom 1957-
240 10 - UNIFIKOVANÝ NÁZOV
Unifikovaný názov Touching evil
Jazyk diela Slovensky
245 10 - NÁZOV
Názov Medzi nebom a zemou-
Zvyšok názvu Maggie
Údaj o zodpovednosti atď. Kay Hooper ; [preklad Patrik Frank]
250 ## - ÚDAJ O PORADÍ VYDANIA
Údaj o poradí vydania [1. vyd.]
260 ## - VYDAVATEĽSKÉ ÚDAJE, DISTRIBÚCIA ATĎ.
Miesto publikovania, distribúcie atď. Martin
Názov vydavateľa, distibútora atď. Wist
Dátum publikovania, distribúcie atď. 2004
300 ## - FYZICKÝ POPIS
Rozsah 282 s.
Rozmery 19 cm
700 1# - PRIDANÝ VSTUP – OSOBNÉ MENO
Osobné meno Frank, Patrik
Kód roly prk
730 ## -
-- Touching evil
765 0# - VÄZBA NA PÔVODNÝ JAZYK
Názov Touching evil
Záhlavie hlavného vstupu Hooper, Kay, 1957-
Holdings
Stav stiahnutia (Blokovanie) (Withrawn status) Stav straty Stav poškodenia (Damaged status) Nie pre výpožičky (Not for loan) Spôsob nadobudnutia (Collection code) Trvalé umiestnenie Aktuálne umiestnenie Dátum nadobudnutia Náklady, bežná kúpna cena Inventárne číslo (prírastkové číslo) Full call number Dátum posledného výskytu Cena s účinnosťou od Typ jednotky Koha
        Kúpa Mestská knižnica Giraltovce Mestská knižnica Giraltovce 2019-11-29 67.00 11519 B 5645 2019-11-29 2019-11-29 Krásna literatúra pre dospelých

Powered by Koha